Kis Morh Par Milay Hoo (Record no. 321880)

000 -LEADER
fixed length control field 00293 a2200121 4500
001 - CONTROL NUMBER
control field 86807
003 - CONTROL NUMBER IDENTIFIER
control field NUST
005 - DATE AND TIME OF LATEST TRANSACTION
control field 20180123154534.0
008 - FIXED-LENGTH DATA ELEMENTS--GENERAL INFORMATION
fixed length control field 180123b xxu||||| |||| 00| 0 eng d
082 ## - DEWEY DECIMAL CLASSIFICATION NUMBER
Classification number 891.4393 RAH
100 ## - MAIN ENTRY--PERSONAL NAME
Personal name Bushra Rehman
9 (RLIN) 1897
245 ## - TITLE STATEMENT
Title Kis Morh Par Milay Hoo
Medium Urdu
260 ## - PUBLICATION, DISTRIBUTION, ETC.
Place of publication, distribution, etc. Lahore
Name of publisher, distributor, etc. Hazeena Ilm-o-Adab
Date of publication, distribution, etc. 2011
300 ## - PHYSICAL DESCRIPTION
Extent 560p.
942 ## - ADDED ENTRY ELEMENTS (KOHA)
Institution code [OBSOLETE] CAE NUST
Koha item type Book
Call number prefix 891.4393 RAH
Source of classification or shelving scheme
Holdings
Withdrawn status Lost status Damaged status Not for loan Collection code Permanent Location Current Location Date acquired Total Checkouts Full call number Barcode Date last seen Price effective from Koha item type
          College of Aeronautical Engineering (CAE) College of Aeronautical Engineering (CAE) 04/03/2017   891.4393 RAH CAE85713 04/05/2017 04/05/2017 Book
© 2023 Central Library, National University of Sciences and Technology. All Rights Reserved.